Biblioteka Instytutu Północnego w Olsztynie

Śmierć nieosądzona : (Rekord nr 27837)

Szczegóły MARC
000 -Nagłówek
fixed length control field 02569cam a2200577 i 4500
001 - Nr kontrolny bibl., która utworzyła rek.
control field xx004871556
003 - Siglum bibl., której nr kontr. jest w 001
control field NUKAT
005 - Data i czas ostatniej operacji
control field 20260428111403.0
008 - Elementy pola stałej długości
fixed length control field 200527s2020 pl a g |001 0bpol c
020 ## - ISBN
ISBN 9788380987876
dopowiedzenie (oprawa twarda) :
warunki dostępności zł 40,00
035 ## - Systemowy numer kontrolny
systemowy numer kontrolny (OCoLC)1156642178
035 ## - Systemowy numer kontrolny
systemowy numer kontrolny (NUKAT)xx004871556
040 ## - Instytucja sporządzająca opis
Instytucja, która sporządziła opis KAT U/MB
język katalgowania-trzyzn. kod pol
zasady opisu rda
Instytucja, która sporządziła rekord KAT U/MBs
Instytucja, która zmodyfikowała rekord KAT U/DB
-- KR 253/MD
-- WA 14/PTs
-- GD PAN/JMSs
-- OLSZT 008/bak
045 2# - Okres czasu dla zawartości
czas między r. 9999 pne a nasz. czas. d1928
-- d2018
046 ## - Kod rodz. daty, data1, data2 (daty pne)
Begin/single date 2020
100 1# - Hasło główne-nazwa osobowa
Nazwa osobowa Kowalik, Szczepan
Daty biograficzne (1981- ).
rodzaj współpracy Autor
9 (RLIN) 40779
245 10 - Tytuł właściwy i oznaczenie odpow.
tytuł Śmierć nieosądzona :
dodatek do tytułu sprawa księdza Romana Kotlarza /
dod. inf. ze s. tyt./ozn. odpow. Szczepan Kowalik, Arkadiusz Kutkowski ; Instytut Pamięci Narodowej. Komisja Ścigania Zbrodni przeciwko Narodowi Polskiemu. Oddział w Lublinie.
246 30 - Inne formy tytułu, wariant tytułu
tytuł Sprawa księdza Romana Kotlarza
260 ## - Adres wydawniczy
miejsce wydania, dystrybucji itp. Lublin ;
-- Warszawa :
nazwa wydawcy, dystrybutora itp. Instytut Pamięci Narodowej Komisja Ścigania Zbrodni przeciwko Narodowi Polskiemu Oddział w Lublinie,
data wydania, dystrybucji itp. 2020.
300 ## - Opis fizyczny
objętość i/lub forma materiału 397, [2] strony, [54] strony tablic :
inne szczegóły opisu fizycznego ilustracje ;
format 25 cm.
336 ## - Content Type
Term Tekst
Code txt
Source rdacontent
337 ## - Media Type
Term Bez urządzenia pośredniczącego
Code n
Source rdamedia
338 ## - Carrier Type
Term Wolumin
Code nc
Source rdacarrier
380 ## - Form of work
Form of work Książki
380 ## - Form of work
Form of work Publikacje naukowe
388 1# - TIME PERIOD OF CREATION
Time period of creation term 2001-
504 ## - Uwaga o bibliografii
uwaga o bibliografii Bibliografia na stronach 313-326. Indeksy.
600 17 - Hasło przedmiotowe-nazwa osobowa
nazwa osobowa Kotlarz, Roman
daty biograficzne (1928-1976)
określnik formy biografie.
źródło hasła kaba
9 (RLIN) 40780
600 17 - Hasło przedmiotowe-nazwa osobowa
nazwa osobowa Kotlarz, Roman
daty biograficzne (1928-1976)
określnik rzeczowy śmierć i pogrzeb.
źródło hasła kaba
9 (RLIN) 40781
600 17 - Hasło przedmiotowe-nazwa osobowa
nazwa osobowa Kotlarz, Roman
daty biograficzne (1928-1976)
źródło hasła DBN
9 (RLIN) 40782
610 27 - Hasło przedmiotowe-nazwa ciała zbior.
nazwa ciała zbior. lub geogr. Kościół katolicki
źródło hasła DBN
9 (RLIN) 37102
648 #7 - SUBJECT ADDED ENTRY--CHRONOLOGICAL TERM
Chronological term 1901-2000
Source of heading or term DBN
9 (RLIN) 34996
648 #7 - SUBJECT ADDED ENTRY--CHRONOLOGICAL TERM
Chronological term 2001-
Source of heading or term DBN
9 (RLIN) 36393
650 #7 - Hasło przedmiotowe-nazwa pospolita
nazwa pospolita lub geogr. Wznowienie postępowania
źródło hasła DBN
9 (RLIN) 40783
650 #7 - Hasło przedmiotowe-nazwa pospolita
nazwa pospolita lub geogr. Wydarzenia w Polsce (1976)
źródło hasła DBN
9 (RLIN) 39773
650 #7 - Hasło przedmiotowe-nazwa pospolita
nazwa pospolita lub geogr. Śledztwo i dochodzenie
źródło hasła DBN
9 (RLIN) 40784
650 #7 - Hasło przedmiotowe-nazwa pospolita
nazwa pospolita lub geogr. PRL
źródło hasła DBN
9 (RLIN) 35084
650 #7 - Hasło przedmiotowe-nazwa pospolita
nazwa pospolita lub geogr. Ofiary prześladowań
źródło hasła DBN
9 (RLIN) 40037
650 #7 - Hasło przedmiotowe-nazwa pospolita
nazwa pospolita lub geogr. Duchowieństwo katolickie
źródło hasła DBN
9 (RLIN) 35375
650 #7 - Hasło przedmiotowe-nazwa pospolita
nazwa pospolita lub geogr. Procesy polityczne
określnik geograficzny Polska
określnik chronologiczny 1945-.
źródło hasła kaba
9 (RLIN) 40785
650 #7 - Hasło przedmiotowe-nazwa pospolita
nazwa pospolita lub geogr. Duchowieństwo
określnik rzeczowy prześladowania
określnik geograficzny Polska
określnik chronologiczny 1945-1990.
źródło hasła kaba
9 (RLIN) 40778
651 #7 - Hasło przedmiotowe-nazwa geogr.
nazwa geograficzna Radom (woj. mazowieckie)
źródło hasła DBN
9 (RLIN) 39775
655 #7 - Termin określający rodzaj/formę
rodzaj/forma Biografia
źródło terminu DBN
9 (RLIN) 35059
655 #7 - Termin określający rodzaj/formę
rodzaj/forma Praca zbiorowa
źródło terminu DBN
9 (RLIN) 35107
658 ## - Nazwa określająca cel programu nauczania
główny cel programu nauczania Historia
658 ## - Nazwa określająca cel programu nauczania
główny cel programu nauczania Religia i duchowość
700 1# - Hasło dodatkowe - nazwa osobowa
nazwa osobowa Kutkowski, Arkadiusz.
rodzaj współpracy Autor
9 (RLIN) 14494
710 2# - Hasło dodatkowe - nazwa ciała zbior.
nazwa ciała zbior. lub nazwa geogr. Instytut Pamięci Narodowej - Komisja Ścigania Zbrodni przeciwko Narodowi Polskiemu.
nazwa jednostki podrzędnej Oddział (Lublin).
rodzaj współpracy Instytucja sprawcza
-- Wydawca
kod rodzaju współpracy pbl
9 (RLIN) 14495
920 ## - ISBN
ISBN 978-83-8098-787-6 (oprawa twarda) : zł 40,00
942 ## - ADDED ENTRY ELEMENTS (KOHA)
Source of classification or shelving scheme Dewey Decimal Classification
Koha item type pozycje dostępne na miejscu
Egzemplarze
Status wycofania Status zagubienia Klasyfikacja Status uszkodzenia Blokada wypożyczeń Kolekcja Lokalizacja macierzysta Lokalizacja bieżąca Data nabycia Numer akcesji Nr inwentarzowy il. wypożyczeń Sygnatura Kod kreskowy Date last seen Price effective from Typ egz.
    Dewey Decimal Classification nieuszkodzona   książka w magazynie Biblioteka Instytutu Północnego w Olsztynie Biblioteka Instytutu Północnego w Olsztynie 30/11/2020 D-36/2020 59955   59955 IPWK24059 28/04/2026 28/04/2026 pozycje dostępne na miejscu
Biblioteka Instytutu Północnego, ul. Partyzantów 87, 10-402 Olsztyn, email: biblioteka(at)ip.olsztyn.pl